Public finance

Uložené v:
Podrobná bibliografia
Médium: Seriál
Jazyk:English
Vydavateľské údaje: Haarlem J.A. Monod de Froideville 1960
Tagy: Pridať tag
Žiadne tagy, Buďte prvý, kto otaguje tento záznam!

MARC

LEADER 00000nas2a2200000 4500
001 0016981
005 20250730114350.1
041 0 |a eng 
044 |a NL 
245 1 0 |a Public finance 
264 1 |a Haarlem  |b J.A. Monod de Froideville  |c 1960 
300 |a 1 zv. 
773 0 |w eu_un_cat*s121084